000 00684nam a2200289Ia 4500
005 20260324133947.0
008 008 260324s9999 xx 000 0 eng d
020 _a9780203048887
037 _aEBOOK
040 _aCRL
040 _beng
040 _cCRL
041 _2eng
041 _aeng
084 _qCRL
100 _aSophia Richman
_91160238
245 2 _aA Wolf in the Attic
245 4 _bThe Legacy of a Hidden Child of the Holocaust
260 _bTaylor and Francis
260 _c2002
365 _a
365 _b230
856 _uhttp://www.taylorfrancis.com/books/9780203048887
942 _cEBOOK
999 _c1794631
_d1794631